000 00645nam a2200205Ia 4500
003 GCL
008 140319s9999 xx 000 0 ara d
040 _aGCL /
_cGCL
082 0 4 _a811.009
_bج ط
100 1 _aحسن البنا عزالدين
245 1 0 _aالطيف والخيال /
_cحسن البنا عزالدين
260 _a[S.N] :
_bالحضارة للنشر ،
_c1993
300 _a267 ص
490 _aدراسات فى الشعر العربى القديم
_v0
650 0 4 _aالشعر العربى
650 0 4 _aالادب العربى
650 0 4 _aتاريخ ونقد
650 0 4 _aالمجموعات
942 _2ddc
_cBK
999 _c31708
_d31708